| 000 | 00904nas a2200229 i 4500 | ||
|---|---|---|---|
| 001 | 173340 | ||
| 003 | ES-MaACL | ||
| 005 | 20231228062704.0 | ||
| 007 | t| | ||
| 008 | 091126c1947 sp a| | 1 ||pa d | ||
| 080 | _a5 : 061.12(460) | ||
| 110 | 2 |
_aReal Academia de Ciencias Exactas, Físicas y Naturales de España. _9175635 |
|
| 245 | 1 | 0 |
_aDiscursos leídos ante la Real Academia de Ciencias Exactas, Físicas y Naturales _g1947. |
| 260 |
_aMadrid : _b[s. n.], _c1947 ( _fImp. S. Aguirre) |
||
| 300 |
_a1 v. ; _c27 cm. |
||
| 505 | 8 |
_aContiene: T. XII ; _tLa pobreza científica en España / _rGregorio Marañón (79 p.+ 2 fot.). Contestación / _rPedro del Novo (p. 81-96). |
|
| 650 | 0 | 4 |
_aCiencia- _zEspaña- _vHistoria. _910943 |
| 700 | 1 |
_aMarañón, Gregorio, _d1887-1960 _976311 |
|
| 700 | 1 |
_aNovo y Fernández Chicarro, Pedro de. _986092 |
|
| 852 |
_aES-MaACL _jK-214 |
||
| 999 |
_c173340 _d173340 |
||